| 000 | 00993cam a2200301Mi 4500 | ||
|---|---|---|---|
| 001 | 48665 | ||
| 005 | 20230410103722.0 | ||
| 008 | 031229s2006 sp d 000 0 spa d | ||
| 035 | _a(OCoLC)ocm54004891 | ||
| 040 |
_aI5B _bspa _cI5B |
||
| 029 | 0 |
_aI5B _b196845 |
|
| 020 | _a9788487072833 | ||
| 035 | _a(OCoLC)54004891 | ||
| 045 | _ay0y0 | ||
| 049 | _aGRAL | ||
| 050 | 1 | 4 |
_a315 DP 85 _bA636 2007 |
| 245 | 0 | 0 |
_aAnuario Internacional CIDOB 2006 : _bclaves para interpretar la política exterior española y las relaciones i nternacionales en 2006 / _ccoordinación Francesc Fábregues. |
| 260 |
_aBarcelona : _bFundación CIDOB, _c2007. |
||
| 300 |
_a566 p. : _bilus ; _c27 cm. |
||
| 440 | 0 | _aAnuario Internacional Cidob | |
| 653 | _aPolítica internacional | ||
| 653 |
_aEspaña _aRelaciones exteriores |
||
| 700 | 1 |
_aFábregues, Francesc _ecoord. |
|
| 938 |
_aIberbook International S.L. _bIBER _n196845 _cEUR59.00 |
||
| 942 |
_2lcc _cbk |
||
| 994 |
_aC0 _bDRFGD |
||
| 946 | _acsexposito | ||
| 999 |
_c24476 _d24476 |
||